Dobšiná Hnilecká vodná nádrž : Hotel Geravy

Zobrazenie: Tri čiastkové pohľady oddelené bielymi líniami. Pohľad na mesto z trávnatého svahu nad ním. V popredí sú dva listnaté stromy. Medzi budovami mesta vidno dva kostoly, v popredí je Kostol sv. Františka Xaverského, v pozadí je Evanjelický kostol. Za mestom vidno lúky a lesy na horách. Pohľa...

Full description

Bibliographic Details
Corporate Author: Pressfoto (vydavateľstvo : Bratislava, Slovensko). Archív (Photographer)
Other Authors: Absolon, Zoltán, 1934- (Photographer)
Format: Photo
Language:Slovak
PhysicalDescription:1 pohľadnica (3 čiastkové pohľady) farebná 11 x 15 cm
Published: Bratislava Pressfoto [1973?]
Subjects:

MARC

LEADER 00000nkm a2200000 a 4500
001 vtls012074293
003 SK-MaSNL
005 20260331212213.0
007 kf co
008 211020q1973 xo g kuslo
015 |a SNBG1973 
040 |a SNK  |b slo  |c SNK  |e AACR2 
041 0 |a slo 
043 |a e-xo--- 
044 |a xo  |c SK 
072 7 |a 908(437)  |x Vlastiveda Česka a Slovenska  |2 konspekt 
080 |a 908(437.6)  |2 2011 
080 |a 726:27-523.42:274.5(439.22)  |2 2011 
080 |a 721  |2 2011 
080 |a 640.412  |2 2011 
080 |a 633.2.03  |2 2011 
080 |a 630*10  |2 2011 
080 |a (084.121)  |2 2011 
080 |a 913(437.6)  |2 2011 
080 |a 627.81  |2 2011 
080 |a 556.51  |2 2011 
080 |a 911.2(23.0)  |2 2011 
080 |a 551.435.4  |2 2011 
100 1 |a Absolon, Zoltán,  |d 1934-  |4 pht  |9 42552 
245 1 0 |a Dobšiná  |h grafika  |b Hnilecká vodná nádrž : Hotel Geravy  |c foto: Z. Absolón, archív 
260 |a Bratislava  |b Pressfoto  |c [1973?] 
300 |a 1 pohľadnica (3 čiastkové pohľady)  |b farebná  |c 11 x 15 cm 
520 8 |a Zobrazenie: Tri čiastkové pohľady oddelené bielymi líniami. Pohľad na mesto z trávnatého svahu nad ním. V popredí sú dva listnaté stromy. Medzi budovami mesta vidno dva kostoly, v popredí je Kostol sv. Františka Xaverského, v pozadí je Evanjelický kostol. Za mestom vidno lúky a lesy na horách. Pohľad na priehradu z diaľky. Vľavo v popredí vidno listnatý strom. Za priehradným múrom je vodná nádrž plná vody až po okraj. Vpravo v popredí je pred priehradou hustý les. Vpravo v pozadí je na lúke vidno niekoľko budov. Za nimi sú vysoké skalnaté hory husto zalesnené ihličnatým lesom. Pohľad na Hotel vľavo za nízkym trávnatým svahom. Vpravo pred ním je parkovisko s radom osobných áut zaparkovaných vedľa seba. Vpravo celkom vpredu sú na zemi tri betónové kvetináče s rôznymi kvetmi. Vpravo v pozadí je za hotelom vidno hustý ihličnatý les 
650 0 7 |a lúky  |2 SNKPH  |9 3676 
650 0 7 |a lesy  |2 SNKPH  |9 1437 
650 0 7 |a katolícke kostoly  |2 SNKPH  |9 3028 
650 0 7 |a evanjelické kostoly  |2 SNKPH  |9 86148 
650 0 7 |a priehrady  |2 SNKPH  |9 21151 
650 0 7 |a vodné nádrže  |2 SNKPH  |9 4190 
650 0 7 |a hory  |2 SNKPH  |9 55651 
650 0 7 |a skalné útvary  |2 SNKPH  |9 115197 
650 0 7 |a hotely  |2 SNKPH  |9 18422 
650 0 7 |a budovy  |2 SNKPH  |9 1283 
651 7 |a Dobšiná (Slovensko)  |2 SNKPHgeo  |9 26940 
651 7 |a Palcmanská Maša (Slovensko : vodná nádrž)  |2 SNKPHgeo  |9 58759 
655 7 |a geografické pohľadnice  |2 SNKPH  |9 70522 
655 7 |a miestne pohľadnice  |2 SNKPH  |9 70510 
710 1 |a Pressfoto (vydavateľstvo : Bratislava, Slovensko).  |b Archív  |4 pht  |9 343046 
958 |a GC 
958 |a GBN 
958 |a OND 
999 |c 1129631  |d 1131561 
952 |a SNK  |b SNK  |y PREZ  |7 0  |p 17A1411272  |o snkSP 77441  |8 0  |z Pohľadnica prešla poštou.  |0 0  |1 0  |4 0  |d 2021-10-20  |f 1  |l 0  |r 2026-02-24 18:58:07  |w 2026-02-24